000 00464nam a22001577a 4500
999 _c524946
_d524946
003 NUST
038 _aMr. Zahoor
082 _a005.1
100 _aFarwa Kazmi
_915746
245 _aRole Detection in Terrorist Network Using Supervised Learning /
_cFarwa Kazmi
260 _aIslamabad :
_bCEME - NUST,
_c2018.
300 _axi, 70 p. : ill. ;
_c30 cm.
500 _aHardcover.
600 _aComputer and Software Engineering - MS Thesis
_915728
942 _2ddc
_cTHE